000 00441nam a2200181Ia 4500
001 20324
005 20260306172758.0
008 260306t2021||||xx |||||||||||||| ||spa||
041 _aESP
082 _a343.2
_bC34C
100 _aCastillo Córdova, Luis
_eAUT
245 0 _aConstitución y Tribunal Constitucional
260 _c2021
300 _a398 páginas :
_c25 cm.
650 _aGEN
654 _aCDE
942 _cLIB
_dJUS
_fJUS
_2ddc
_n
999 _c20324
_d20324